| 000 | 02646nam a22003017a 4500 | ||
|---|---|---|---|
| 003 | UA-OsUOA | ||
| 001 | 69595 | ||
| 007 | ta | ||
| 008 | 20100629b un ||||| |||| 00| 0 ukr d | ||
| 100 | _aЛень В.С. | ||
| 090 |
_a657.15(075.8) _bЛ46 |
||
| 942 | _cBK | ||
| 040 |
_aUA-OsUOA _bukr _cUA-OsUOA _dUA-OsUOA |
||
| 245 |
_aУправлінський облік _bнавч. пос. |
||
| 300 | _a317 с. | ||
| 955 | _a2 | ||
| 041 | _aukr | ||
| 080 | _a657.15(075.8) | ||
| 020 | _a966-311-028-7 | ||
| 520 | 3 | _aУ навчальному посібнику на системній основі розкривається сутність управлінського обліку, основним завданням якого є підготовка інформації для планування господарської діяльності, контролю роботи окремих підрозділів і підприємств у цілому та прийняття | |
| 520 | 3 | _aрішень на різних рівнях управління підприємством (фірмою, комерційним банком чи іншим суб’єктом господарювання) в умовах ринкової економіки. Висвітлюються також шляхи оптимізації діяльності підприємств за допомогою методів управлінського обліку. Наве | |
| 520 | 3 | _aдені в кінці кожного розділу задачі і тести дають можливість читачу самостійно глибоко засвоїти навчальний матеріал, здобути навички, необхідні для впровадженняу практику господарювання сучасних форм управлінського обліку.Розраховано насамперед на | |
| 520 | 3 | _aстудентів вищих навчальних закладів, які навчаються за спеціальністю “Облік і аудит”. Посібник буде корисним також викладачам, спеціалістам-практикам, підприємцям, менеджерам усіх рівнів управління підприємством, керівникам підприємств. | |
| 260 |
_aК. _bЗнання-Прес _c2006 |
||
| 250 | _n2-ге вид., виправлене | ||
| 650 | 7 |
_a657 Бухгалтерія. Бухгалтерський облік. Рахівництво _2UDC |
|
| 999 |
_c355866 _d355866 |
||